Glee Cast - Statistics

General Stats
  • This quiz has been taken 152 times
  • The average score is 14 of 19
Answer Stats
Character Actor % Correct
Rachel Berry Lea Michele
97%
Mercedes Jones Amber Riley
92%
Kurt Hummel Chris Colfer
92%
Brittany S. Pearce Heather Morris
91%
Santana Lopez Naya Rivera
91%
Finn Hudson Cory Monteith
90%
Quinn Fabray Dianna Agron
83%
Sue Sylvester Jane Lynch
76%
Blaine "Warbler" Anderson Darren Criss
75%
William Schuester Matthew Morrison
75%
Tina Cohen-Chang Jenna Ushkowitz
74%
Noah Puckerman Mark Salling
73%
Sam Evans Chord Overstreet
72%
Artie Abrams Kevin McHale
69%
Shelby Corcoran Idina Menzel
65%
Mike Chang Harry Shum Jr
62%
Emma Pillsbury Jayma Mays
59%
Holly Holiday Gwyneth Paltrow
52%
April Rhodes Kristen Chenoweth
38%
No matching quizzes found
Score Distribution
Percent of People with Each Score
Percentile by Number Answered
Your Score History
You have not taken this quiz